<?xml version="1.0" encoding="UTF-8"?><?xml-stylesheet type="text/xsl" href="static/style.xsl"?><OAI-PMH xmlns="http://www.openarchives.org/OAI/2.0/" xmlns:xsi="http://www.w3.org/2001/XMLSchema-instance" xsi:schemaLocation="http://www.openarchives.org/OAI/2.0/ http://www.openarchives.org/OAI/2.0/OAI-PMH.xsd"><responseDate>2026-04-13T18:27:54Z</responseDate><request verb="GetRecord" identifier="oai:www.recercat.cat:10256/22916" metadataPrefix="marc">https://recercat.cat/oai/request</request><GetRecord><record><header><identifier>oai:recercat.cat:10256/22916</identifier><datestamp>2024-06-18T12:13:31Z</datestamp><setSpec>com_2072_452955</setSpec><setSpec>com_2072_2054</setSpec><setSpec>col_2072_452961</setSpec></header><metadata><record xmlns="http://www.loc.gov/MARC21/slim" xmlns:dcterms="http://purl.org/dc/terms/" xmlns:xsi="http://www.w3.org/2001/XMLSchema-instance" xmlns:doc="http://www.lyncode.com/xoai" xsi:schemaLocation="http://www.loc.gov/MARC21/slim http://www.loc.gov/standards/marcxml/schema/MARC21slim.xsd">
   <leader>00925njm 22002777a 4500</leader>
   <datafield ind2=" " ind1=" " tag="042">
      <subfield code="a">dc</subfield>
   </datafield>
   <datafield ind2=" " ind1=" " tag="720">
      <subfield code="a">Florit-Pons, Júlia</subfield>
      <subfield code="e">author</subfield>
   </datafield>
   <datafield ind2=" " ind1=" " tag="720">
      <subfield code="a">Vilà Giménez, Íngrid</subfield>
      <subfield code="e">author</subfield>
   </datafield>
   <datafield ind2=" " ind1=" " tag="720">
      <subfield code="a">Rohrer, Patrick L.</subfield>
      <subfield code="e">author</subfield>
   </datafield>
   <datafield ind2=" " ind1=" " tag="720">
      <subfield code="a">Prieto, Pilar</subfield>
      <subfield code="e">author</subfield>
   </datafield>
   <datafield ind2=" " ind1=" " tag="260">
      <subfield code="c">2023-03-07</subfield>
   </datafield>
   <datafield ind2=" " ind1=" " tag="520">
      <subfield code="a">Purpose: This study aims to analyze the development of gesture-speech temporal alignment patterns in children's narrative speech from a longitudinal perspective and, specifically, the potential differences between different gesture types, namely, gestures that imagistically portray or refer to semantic content in speech (i.e., referential gestures) and those that lack semantic content (i.e., non-referential gestures). Method: This study uses an audiovisual corpus of narrative productions (n = 332) from 83 children (43 girls, 40 boys) who participated in a narrative retelling task at two time points in development (at 5-6 and 7-9 years of age). The 332 narratives were coded for both manual co-speech gesture types and prosody. Gestural annotations included gesture phasing (i.e., preparation, stroke, hold, and recovery) and gesture types (in terms of referentiality, i.e., referential and non-referential), whereas prosodic annotations included pitch-accented syllables. Results: Results revealed that by ages 5-6 years, children already temporally aligned the stroke of both referential and non-referential gestures with pitch-accented syllables, showing no significant differences between these two gesture types. Conclusions: The results of the present study contribute to the view that both referential and non-referential gestures are aligned with pitch accentuation, and therefore, this is not only a characteristic of non-referential gestures. Our results also add support to McNeill's phonological synchronization rule from a developmental perspective and indirectly back up recent theories about the biomechanics of gesture-speech alignment, suggesting that this is an inherent ability of oral communication</subfield>
   </datafield>
   <datafield ind2=" " ind1=" " tag="520">
      <subfield code="a">The authors would like to acknowledge the financial&#xd;
support awarded by the Spanish Ministry of Science, Innovation and Universities, Agencia Estatal de Investigación and Fondo Europeo de Desarrollo Regional (PGC2018-&#xd;
097007-B-100: “Multimodal Language Learning: Prosodic&#xd;
and Gestural Integration in Pragmatic and Phonological&#xd;
Development,” and PID2021-123823NB-I00: “Multimodal&#xd;
Communication: The Integration of Prosody and Gesture&#xd;
in Human Communication and in Language Learning”);&#xd;
by the Generalitat de Catalunya (2017 SGR_971 and 2021&#xd;
SGR_922); and by the GEstures and Head Movements in&#xd;
language research network, funded by the Independent&#xd;
Research Fund Denmark (9055-00004B)</subfield>
   </datafield>
   <datafield ind1="8" ind2=" " tag="024">
      <subfield code="a">http://hdl.handle.net/10256/22916</subfield>
   </datafield>
   <datafield tag="653" ind2=" " ind1=" ">
      <subfield code="a">Gest</subfield>
   </datafield>
   <datafield tag="653" ind2=" " ind1=" ">
      <subfield code="a">Psicolingüística</subfield>
   </datafield>
   <datafield tag="653" ind2=" " ind1=" ">
      <subfield code="a">Gesture</subfield>
   </datafield>
   <datafield tag="653" ind2=" " ind1=" ">
      <subfield code="a">Psycholinguistics</subfield>
   </datafield>
   <datafield ind2="0" ind1="0" tag="245">
      <subfield code="a">Multimodal development in children's narrative speech: Evidence for tight gesture-speech temporal alignment patterns as early as 5 years old</subfield>
   </datafield>
</record></metadata></record></GetRecord></OAI-PMH>